000 00608cam a22002053a 4500
001 39539
003 PGUSA
005 20140828083858.0
008 120426s2012||||xxu|||||s|||||000 | eng d
040 _aPGUSA
_beng
042 _adc
100 1 _aDavies, R. Rice
245 1 4 _aThe Cambrian Sketch-Book :
_bTales, Scenes, and Legends of Wild Wales
_h[electronic resource] /
_cR. Rice Davies
260 _bProject Gutenberg,
_c2012
506 _aPublic domain in the USA.
516 _aElectronic text
830 0 _aProject Gutenberg
_v39539
856 4 0 _uhttp://www.gutenberg.org/ebooks/39539
942 _cEB
999 _c268792
_d268792